All German professional soccer teams 23/24 - Statistics

General Stats
  • This quiz has been taken 92 times
  • The average score is 33 of 56
Answer Stats
Hint Answer % Correct
NW Borussia Dortmund
94%
NW Bayer Leverkusen
89%
BY Bayern München
88%
BW VfB Stuttgart
88%
HE Eintracht Frankfurt
86%
—— Hamburger SV
86%
—— Hertha BSC
86%
NW 1. FC Köln
85%
NI VfL Wolfsburg
85%
NW FC Schalke 04
81%
BW SC Freiburg
81%
NI Hannover 96
79%
BW 1899 Hoffenheim
78%
NW Borussia Mönchengladbach
77%
—— FC St Pauli
77%
SN RB Leipzig
74%
—— SV Werder Bremen
74%
NW VfL Bochum
74%
—— 1. FC Union Berlin
72%
BY FC Augsburg
72%
RP 1. FC Kaiserslautern
70%
NW Fortuna Düsseldorf
70%
BY 1. FC Nürnberg
69%
RP 1. FSV Mainz
68%
SN Dynamo Dresden
65%
NW Arminia Bielefeld
64%
MV Hansa Rostock
64%
BY SpVgg Greuther Fürth
62%
BY TSV 1860 München
62%
NI Eintracht Braunschweig
60%
HE SV Darmstadt 98
60%
BW Karlsruher SC
58%
SH Holstein Kiel
57%
BW 1. FC Heidenheim
56%
SL 1. FC Saarbrücken
54%
NW MSV Duisburg
52%
NW Preußen Münster
47%
BW SSV Ulm
47%
NW SC Paderborn
46%
ST 1. FC Magdeburg
44%
BW SV Waldhof Mannheim
43%
NW Rot-Weiss Essen
42%
BY FC Ingolstadt 04
40%
NI VfL Osnabrück
40%
SL SV 07 Elversberg
35%
NW Borussia Dortmund II
32%
SN Erzgebirge Aue
32%
BW SC Freiburg II
28%
NW Viktoria Köln
28%
BY Jahn Regensburg
27%
BY SpVgg Unterhaching
27%
ST Hallescher FC
26%
HE SV Wehen Wiesbaden
26%
SH VfB Lübeck
26%
BW SV Sandhausen
23%
NW SC Verl
21%
No matching quizzes found
Score Distribution
Percent of People with Each Score
Percentile by Number Answered
Your Score History
You have not taken this quiz